Culture G commençant par A - Statistiques

Statistiques générales
  • Ce quiz a été pris 751 fois
  • Le résultat moyen est 15 sur 30
Statistiques - réponses
Questions Réponses % Correct
On le fête le 11 novembre Armistice
96%
Capitale de la Turquie Ankara
92%
Mot regroupant les chorégraphes, photographes, peintres, chanteurs etc Artiste
90%
Il peut être aigu, grave ou circonflexe par exemple Accent
85%
Camp de concentration le plus connu Auschwitz
82%
Seul pays qui commence comme les 4 premières lettres du clavier Azerbaïdjan
82%
En math, son résultat donne la somme Addition
81%
Eternuement en bruitage Atchoum
79%
Synonyme de la fin du monde Apocalypse
69%
Il investit dans une entreprise dans le but de toucher des parts Actionnaire
68%
Chaîne de montagne comprenant la pointe Dufour et le mont Cervin Alpes
67%
Il ne récolte pas le bonheur mais bien le miel, qui est-ce ? Apiculteur
61%
Deux hémistiches de six syllabes dans un poème Alexandrin
57%
Bonbon acidulé multicolore Arlequin
50%
Trouver un pays en utilisant toutes les lettres de SALUERAIT Australie
50%
En sport adapté il existe que trois sports paralympiques : la natation, le tennis de table et… Athlétisme
47%
Une seconde place, élément du tableau périodique n°47 Argent
43%
Saint John's est la capitale de ce pays Antigua-et-Barbuda
42%
Bataille se déroulant le 2 décembre 1805 Austerlitz
41%
Seul pays a utiliser le Rand en monnaie Afrique du Sud
33%
Handicap commun de Tristan Hebrard, Marie Curie, Daniel Tammet, Josef Schovanec, Elon Musk Autisme Asperger
31%
Organe situé prés du larynx, producteur de lymphocites Amygdale
28%
Prénom d'Einstein et de Volta dans l'ordre Albert et Alessandro
26%
Pluriel du mot "ail" en vieux français Aulx
26%
Ville du 62 n'ayant pas d'aéroport malgré son nom Avion
26%
Action d'abréger Abréviation
15%
Nom de l'arbre qui fait pousser des kiwis Actinidier
6%
Nom du neurotransmetteur cannabinoïde endogène présent dans le cerveau et le cacao Anandamide
2%
Il a publié en 1957 dans "Strategies for Diversification" une matrice croisant la notion du marché et celle de la nouveauté d'un produit ou d'un service afin d'aider à la prise de décision dans une entreprise Igor Ansoff
2%
Formule concise sur un sujet considéré comme important par celui qui parle Apophtegme
1%
Aucun quiz correspondant
Distribution des résultats
% des personnes avec chaque résultat
Percentile par nombre de réponses
Votre historique - résultats
Vous n’avez pas pris ce quiz